Ngoại giao văn hóa Trung quốc và vai trò của nó trong quá trong hội nhập quốc tế /

में बचाया:
ग्रंथसूची विवरण
मुख्य लेखक: Phạm Hồng Yến, ThS.
स्वरूप: लेख
भाषा:Vietnamese
विषय:
टैग : टैग जोड़ें
कोई टैग नहीं, इस रिकॉर्ड को टैग करने वाले पहले व्यक्ति बनें!
Thư viện lưu trữ: Thư viện Trường Đại học Đà Lạt
LEADER 00828nam a2200265 4500
001 DLU090085049
005 ##20091123
040 # # |a DLU  |b vie 
041 # # |a vie 
044 # # |a vn 
100 # # |a Phạm Hồng Yến,   |c ThS. 
245 # # |a Ngoại giao văn hóa Trung quốc và vai trò của nó trong quá trong hội nhập quốc tế /  |c Phạm Hồng Yến. 
653 # # |a Giao lưu văn hóa 
653 # # |a Hội nhập kinh tế 
653 # # |a Quan hệ quốc tế 
773 # # |t Nghiên cứu Trung Quốc  |g Số 8(96), 2009, tr. 40-47 
920 # # |a Phòng Tạp chí -- Trung tâm Thông tin - Thư viện Trường Đại học Đà Lạt 
994 # # |a DLU 
900 # # |a True 
911 # # |a Nguyễn Thị Linh Chi 
925 # # |a G 
926 # # |a A 
927 # # |a BB 
980 # # |a Thư viện Trường Đại học Đà Lạt